LIBRARY & INFORMATION CENTRE, KCAET, TAVANUR

ONLINE PUBLIC ACCESS CATALOGUE (OPAC)

Plant Harvest (Record no. 14537)

MARC details
000 -LEADER
fixed length control field 00265nam a22001217a 4500
020 ## - INTERNATIONAL STANDARD BOOK NUMBER
ISBN 9789383101757
082 ## - DEWEY DECIMAL CLASSIFICATION NUMBER
Classification number 631.56
Item number KHA/PL
100 ## - MAIN ENTRY--AUTHOR NAME
Personal name Khan,Yasin
245 ## - TITLE STATEMENT
Title Plant Harvest
260 ## - PUBLICATION, DISTRIBUTION, ETC. (IMPRINT)
Place of publication New Delhi
Name of publisher Agrotech Press
Year of publication 2013
300 ## - PHYSICAL DESCRIPTION
Number of Pages 240
942 ## - ADDED ENTRY ELEMENTS (KOHA)
Koha item type Books
Holdings
Withdrawn status Lost status Damaged status Collection code Home library Current library Shelving location Date acquired Source of acquisition Cost, normal purchase price Full call number Accession Number Koha item type
        KAUAET KAUAET General Stacks 15/07/2016 Southern Book Stall, Tvm 1800.00 631.56 KHA/PL 24548 Books
free website counter